| 000 | 00399nam a2200133Ia 4500 | ||
|---|---|---|---|
| 008 | 220217s9999||||xx |||||||||||||| ||und|| | ||
| 020 | _a0-07-463430-5 | ||
| 082 | _a004.165 KUM | ||
| 100 | _aKumar, Udaya, K Umashankar, B.S | ||
| 245 | 0 | _aAdvanced microprocessors and IBM-PC assembly language progra | |
| 260 |
_aTata mcgraw hill _bNew Delhi _c2007 |
||
| 300 | _b0 | ||
| 650 | _aMICROPROCESSOR | ||
| 999 |
_c175728 _d175728 |
||